000 01445 a2200253 4500
999 _c11140
_d11140
020 _a 9789987084227, 9789987084234, 9789987084241, 9789987084258, 9789987084265, 9789987084272, 9789987084289, 9789987084296, 9789987084302, 9789987084319,
050 _aDT1079
_bSOU 2020
100 _aTemu, Anorld J
_eeditor
245 _a Southern African liberation struggles :
_bcontemporaneous documents, 1960-1994/
_cedited by Arnold J. Temu
264 _aDar es Salaam :
_b Mkuki na Nyota,
_c2020
300 _axii, vol. 1 72p., vol2, 518p.vol3 749p.vol4 762p. vol5 589p. vol6 506p. vol7 705p. vol8 557p. vol481p.
336 _2rdacontent
_atext
_btx
337 _2rdamedia
_aunmediated
_bn
338 _2rdacarrier
_avolume
_bnc
500 _aN/A
505 _as 1. Introduction -- 2. Liberation war countries -- 3. Liberation war countries (continued) -- 4. Liberation war countries (continued) -- 5. Liberation war countries (continued) & frontline states -- 6. Frontline states (continued) -- 7. Frontline states (continued) & extension countries -- 8. Countries and regions outside SADC -- 9. Countries and regions outside SADC & international organisations
650 _a Africa, Southern History 20th century
650 _aDemocratization
650 _aSocial conflict
_x History
650 _aNational liberation movements
651 _aAfrica, Southern
700 _aTembe, Joel das Neves
_eeditor
942 _2lcc
_cBK
_h1079
_iSOU
_kDT